000 01358cam a2200349 a 4500
001 13682873
003 NUST-PNEC
005 20170116180654.0
008 031021s2003 enka b 000 0 eng d
010 _a 2004444623
020 _a1902916417
035 _a(OCoLC)ocm53319642
040 _aSTF
_cDLC
_dSTF
_dDLC
042 _alccopycat
050 0 0 _aTK1087
_b.E54 2003
082 0 0 _a621.31244 KUR
100 _9130
_aKurokawa Kosuke
245 0 0 _aEnergy from the desert.
_pPNECFeasibility of very large scale photovoltaic power generation (VLS-PV) systems /
_ceditor, Kosuke Kurokawa.
246 3 _aVery large scale photovoltaic power generation systems
260 _aLondon :
_bJames & James (Science Publishers),
_cc2003.
300 _axl, 195 p. :
_bill. (chiefly col.) ;
_c31 cm.
504 _aIncludes bibliographical references.
650 0 _aPhotovoltaic power generation.
_xEE, EL
650 0 _aPhotovoltaic power systems.
650 0 _aDesert resources development.
650 0 _aFeasibility studies.
700 1 _aKurokawa, Kosuke.
856 4 2 _3Contributor biographical information
_uhttp://www.loc.gov/catdir/enhancements/fy1111/2004444623-b.html
906 _a7
_bcbc
_ccopycat
_d2
_encip
_f20
_gy-gencatlg
942 _2ddc
_cBK
999 _c60325
_d60325